000 00420nam a2200169Ia 4500
005 20250508161036.0
008 008 250505s9999 xx 000 0 eng d
037 _aTextual
040 _aFEDL
_beng
_cFEDL
041 _aeng
_2eng
084 _a597, CUS
_qFEDL
100 _aCust George
_9770080
245 0 _aFishwater fishes
300 _a144p
942 _cTEXL
_h597, CUS
999 _c1368093
_d1368093